Fizeek

Saved in:
Bibliografiske detaljer
Hovedforfatter: Fizeek
Format: Ukendt
Sprog:engelsk
Tags: Tilføj Tag
Ingen Tags, Vær først til at tagge denne postø!

MARC

LEADER 00000 a2200000 4500
005 20240724162558.0
008 240724b |||||||| |||| 00| 0 eng d
040 |c GP 
100 |a Fizeek 
245 |a Fizeek 
942 |2 ddc  |c BK  |n 0 
952 |0 0  |1 0  |2 ddc  |4 0  |6 741_500000000000000_FIZ  |7 1  |9 1678  |a RM  |b RM  |d 2024-07-24  |l 0  |o 741.5 FIZ  |p 198  |r 2024-07-24 16:26:17  |w 2024-07-24  |y BK 
999 |c 1491  |d 1491